Oru matayin alumai (Record no. 1140)
[ view plain ]
| 000 -LEADER | |
|---|---|
| fixed length control field | 00369nam a2200145Ia 4500 |
| 005 - DATE AND TIME OF LATEST TRANSACTION | |
| control field | 20250522024118.0 |
| 008 - FIXED-LENGTH DATA ELEMENTS--GENERAL INFORMATION | |
| fixed length control field | 240331s9999 xx 000 0 und d |
| 082 ## - DDC Classification | |
| Class No. | 302.23 |
| Item Number - Author Mark | PON |
| 100 ## - MAIN ENTRY--PERSONAL NAME | |
| Personal name | Ponvijayan, |
| 245 #0 - TITLE STATEMENT | |
| Title | Oru matayin alumai |
| 260 ## - PUBLICATION, DISTRIBUTION, ETC. | |
| Name of publisher, distributor, etc. | Puthiya Nambikai Veliyidu |
| Date of publication, distribution, etc. | 1994 |
| 300 ## - PHYSICAL DESCRIPTION | |
| Extent (e.g. Volumes, Pages etc.) | 136 p ., |
| 500 ## - GENERAL NOTE | |
| General note | Sathayajithrai Kooritha Or Thoguppu |
| 942 ## - Koha item type (Biblio) | |
| Koha item type | Books in Stacks (Lending) |
| Lost status | Damaged status | Collection code | Home library | Current library | Shelving location | Date acquired | Full call number | Accession Number | Item type |
|---|---|---|---|---|---|---|---|---|---|
| Lending | WERC Library | WERC Library | Social Science Cupboard | 03/31/2024 | 302.23 PON | 3678 | Books in Stacks (Lending) |
